Amstel Gold Race Cycling Race Winners - Statistics

General Stats
  • This quiz has been taken 18 times
    9 since last reset
  • The average score is 20 of 60
Answer Stats
Year Country Winner % Correct
1990 Netherlands Adri van der Poel
100%
2019 Netherlands Mathieu van der Poel
100%
2017 Belgium Philippe Gilbert
100%
2014 Belgium Philippe Gilbert
100%
2011 Belgium Philippe Gilbert
100%
2010 Belgium Philippe Gilbert
100%
2026 Belgium Remco Evenepoel
100%
2023 Slovenia Tadej Pogacar
100%
2024 Great Britain Tom Pidcock
100%
2021 Belgium Wout van Aert
100%
2025 Denmark Mattias Skjelmose
89%
2022 Poland Michal Kwiatkowski
89%
2015 Poland Michal Kwiatkowski
89%
2006 Luxembourg Fränk Schleck
67%
2003 Kazakhstan Alexander Vinokourov
56%
1975 Belgium Eddy Merckx
56%
1973 Belgium Eddy Merckx
56%
1981 France Bernard Hinault
33%
1997 Denmark Bjarne Riis
33%
1982 Netherlands Jan Raas
33%
1980 Netherlands Jan Raas
33%
1979 Netherlands Jan Raas
33%
1978 Netherlands Jan Raas
33%
1977 Netherlands Jan Raas
33%
1987 Netherlands Joop Zoetemelk
33%
2018 Denmark Michael Valgren
33%
2004 Italy Davide Rebellin
22%
2002 Italy Michele Bartoli
22%
1986 Netherlands Steven Rooks
22%
2008 Italy Damiano Cunego
11%
2005 Italy Danilo Di Luca
11%
2001 Netherlands Erik Dekker
11%
2000 Germany Erik Zabel
11%
1976 Belgium Freddy Maertens
11%
1985 Netherlands Gerrie Knetemann
11%
1974 Netherlands Gerrie Knetemann
11%
1994 Belgium Johan Museeuw
11%
1999 Netherlands Michael Boogerd
11%
1992 Germany Olaf Ludwig
11%
1983 Australia Phil Anderson
11%
2013 Czech Republic Roman Kreuziger
11%
1972 Belgium Walter Planckaert
11%
1967 Netherlands Arie den Hartog
0%
2016 Italy Enrico Gasparotto
0%
2012 Italy Enrico Gasparotto
0%
1989 Belgium Eric Van Lancker
0%
1991 Netherlands Frans Maassen
0%
1971 Belgium Frans Verbeeck
0%
1970 Belgium Georges Pintens
0%
1969 Belgium Guido Reybrouck
0%
1968 Netherlands Harry Steevens
0%
1984 Netherlands Jacques Hanegraaf
0%
1966 France Jean Stablinski
0%
1988 Netherlands Jelle Nijdam
0%
1995 Switzerland Mauro Gianetti
0%
1998 Switzerland Rolf Järmann
0%
1993 Switzerland Rolf Järmann
0%
2009 Russia Serguei Ivanov
0%
1996 Italy Stefano Zanini
0%
2007 Germany Stefan Schumacher
0%
No matching quizzes found
Score Distribution
Percent of People with Each Score
Percentile by Number Answered
Your Score History
You have not taken this quiz since the last reset